01668cam a2200457 a 4500003000900000005001700009008004100026020001500067020001800082035002700100040003300127041001400160082002000174100002900194245014500223300005900368336002100427337002500448338002300473490009100496500004600587504003400633505011700667526001000784526001000794526001000804526001000814526000800824526000800832526000800840526000800848526000800856526000800864526000800872534005100880630008000931650007101011650003901082700002901121264006001150PE-LiUPU20250731172839.0100301s2011 gauab b 001 0 eng  a1589832655 a9781589832657 a(Sirsi) i9781589832657 aPE-LiUPUbspacPE-LiUPUerda1 aengbger.00a221.95bG372221 aGerstenberger, Erhard S.10aIsrael in the Persian period :bthe fifth and fourth centuries B.C.E. /cby Erhard S. Gerstenberger ; translated by Siegfried S. Schatzmann. axv, 575 páginas:bilustraciones ;c23 centímetros. atext2rdacontent aunmediated2rdamedia avolume2rdacarrier1 aBiblical encyclopedia : an English translation of Biblische Enzyklopädie ;vvolume 8 aTranslation of: Israel in der Perserzeit. aÍndice : páginas 537-575.0 aThe biblical portrait of the period -- Sources -- Biblical literature of the period -- Theological contribution. aSEG42 aSEG41 aSEG40 aSEG39 aP94 aP87 aP86 aP85 aP77 aP76 aP35 pTítulo original :tIsrael in der Perserzeit.00aBiblia.xAntiguo TestamentovHistoria de acontencimientos contemporáneos. 0aJudaismoxHistoriayPeriodo posterior al exilio, 586 A.C.-210 D.C. 0aJudiosxHistoriay586 A.C.-70 D.C.1 aSchatzmann, Siegfried S. aAtlanta, GA :bSociety of Biblical Literature,c©2011.